| 000 | 00857nam a2200253Ia 4500 | ||
|---|---|---|---|
| 003 | OSt | ||
| 005 | 20220925205010.0 | ||
| 006 | a|||||r|||| 00| 0 | ||
| 007 | ta | ||
| 008 | 220923b |||||||| |||| 00| 0 eng d | ||
| 020 |
_a0754643743 _c3897.90 |
||
| 037 |
_b761, 06/06/2006, VIBHA BOOKS INTERNATIONAL _cGeneral Book |
||
| 040 |
_aRTL _cRTL _beng |
||
| 041 |
_2eng _aeng |
||
| 082 | _aU475.6.P, P5 | ||
| 100 |
_aMyers Garth Andrew _9269421 |
||
| 245 | 0 |
_aDisposable cities _b Garbage governance and sustainable Development in Urban Africa |
|
| 260 |
_aHampshire _bAshgate Publishing Ltd. _c2005 |
||
| 300 |
_axiv,187p _ccm. |
||
| 500 | _aBibliography: p 149-77 | ||
| 650 | _aSocial Geography | ||
| 942 |
_hU475.6.P, P5 _cGB _2CC |
||
| 999 |
_c550951 _d550951 |
||